00326nam a2200121 a 450000500170000000800410001705000180005810000230007624500460009926000330014565000080017865000180018620141022142001.0100915s19uu xx 00 eng d aDVDbM46 1994 aMeyer, Christopher aThe Dilemmas of Team-based organizations. bStandford University,c1994. aDVD aTeam building